LEADER 01522nam 22003613 450 001 9910133001403321 005 19991123000000.0 010 $a9788858109663 010 $a885810966X 035 $a(CKB)3400000000017229 035 $a(ItFiC)it 02414607 035 $a(Perlego)3460522 035 $a(EXLCZ)993400000000017229 100 $a20101102d1999 uy 0 101 0 $aita 200 13$aLa narrazione /$fAndrea Bernardelli 210 $aRoma [etc.] $cGLF editori Laterza$d1999 215 $a134 p. ;$d18 cm 225 0$aAlfabeto letterario ;$v12 311 08$a9788842059196 311 08$a8842059196 320 $aIncludes bibliographical references. 330 8 $aNella prima parte del testo si forniscono le coordinate generali della narrazione letteraria e una prima definizione degli strumenti di analisi del testo narrativo. Nella seconda parte - grazie all'impiego di esempi di alcuni classici del genere romanzo - si definiscono in particolare alcuni tra i principali dispositivi e strumenti narrativi. Il testo ha il pregio di illustrare l'essenziale delle tecniche di costruzione e analisi del testo letterario, fornendo un utile e interessante strumento di base per studenti e docenti in cerca di una prima definizione della materia narratologica. 676 $a808 676 $a809 676 $a801 700 $aBernardelli$b Andrea$0269244 801 0$bItFiC 801 1$bItFiC 906 $aBOOK 912 $a9910133001403321 996 $aNarrazione$9679273 997 $aUNINA LEADER 01418nam0 22003011i 450 001 UON00306465 005 20231205104034.701 010 $a978-29-16-60607-1 100 $a20080114d2007 |0itac50 ba 101 $afre 102 $aFR 105 $a|||| 1|||| 200 1 $aˆLa ‰protection des droits et libertés au Royaume-Uni$erecherche sur le Human Rights Act, 1998 et les mutations du droit constitutionnel britannique face aux exigences de la Convention européenne des droits de l'homme$fAurèlie Duffy$gpréface de Guy Scoffoni$gavant-propos de Jeffrey Jowell 210 $a[Paris]$cL.G.D.J.$d2007 215 $aXVIII, 636 p.$d24 cm. 410 1$1001UON00306812$12001 $aCollection des Thèses$fFondation Varenne$v8 606 $aDiritto costituzionale$xStudi$3UONC037816$2FI 620 $aFR$dParis$3UONL002984 700 1$aDUFFY$bAurélie$3UONV175687$0696778 702 1$aJOWELL$bJeffrey$3UONV175689 702 1$aScoffoni$bGuy$3UONV175688 712 $aL.G.D.J.$3UONV272792$4650 801 $aIT$bSOL$c20260213$gRICA 899 $aSIBA - SISTEMA BIBLIOTECARIO DI ATENEO E ARCHIVIO STORICO$2UONSI 912 $aUON00306465 950 $aSIBA - SISTEMA BIBLIOTECARIO DI ATENEO E ARCHIVIO STORICO$dSI PUB E 0155 $eSI SC 43054 5 0155 996 $aProtection des droits et libertés au Royaume-Uni$91378235 997 $aUNIOR